Microeconomics : (Record no. 506)

000 -LEADER
fixed length control field 01327cam a2200385 a 4500
003 - CONTROL NUMBER IDENTIFIER
control field ALUPE UNIVERSITY
005 - DATE AND TIME OF LATEST TRANSACTION
control field 20210614141304.0
008 - FIXED-LENGTH DATA ELEMENTS--GENERAL INFORMATION
fixed length control field 020530s2003 oncac b 001 0 eng d
020 ## - INTERNATIONAL STANDARD BOOK NUMBER
International Standard Book Number 0321154134 (pbk.) :
040 ## - CATALOGING SOURCE
Transcribing agency ALUPE UNIVERSITY
043 ## - GEOGRAPHIC AREA CODE
Geographic area code n-cn---
055 01 - CLASSIFICATION NUMBERS ASSIGNED IN CANADA
Classification number HB172
055 #3 - CLASSIFICATION NUMBERS ASSIGNED IN CANADA
Classification number HB172
Item number P37 2003
055 00 - CLASSIFICATION NUMBERS ASSIGNED IN CANADA
Classification number HB172
Item number .P37 2003
090 ## - LOCALLY ASSIGNED LC-TYPE CALL NUMBER (OCLC); LOCAL CALL NUMBER (RLIN)
Classification number (OCLC) (R) ; Classification number, CALL (RLIN) (NR) 338.5 PAR
100 1# - MAIN ENTRY--PERSONAL NAME
Personal name Parkin, Michael,
Dates associated with a name 1939-
245 10 - TITLE STATEMENT
Title Microeconomics :
Remainder of title Canada in the global environment /
Statement of responsibility, etc. Michael Parkin, Robin Bade.
250 ## - EDITION STATEMENT
Edition statement Fifth edition
260 ## - PUBLICATION, DISTRIBUTION, ETC.
Place of publication, distribution, etc. Toronto :
Name of publisher, distributor, etc. Pearson,
Date of publication, distribution, etc. c2003.
300 ## - PHYSICAL DESCRIPTION
Extent xxxiv, 850, G-7, I-11 pages :
Other physical details color illustrations, portraits (some color) ;
Dimensions 26 cm.
336 ## - CONTENT TYPE
Content type term text
Content type code txt
Source rdacontent
337 ## - MEDIA TYPE
Media type term unmediated
Media type code n
Source rdamedia
338 ## - CARRIER TYPE
Carrier type term volume
Carrier type code nc
Source rdacarrier
504 ## - BIBLIOGRAPHY, ETC. NOTE
Bibliography, etc. note Includes bibliographical references and index.
650 #0 - SUBJECT ADDED ENTRY--TOPICAL TERM
Topical term or geographic name entry element Microeconomics.
700 1# - ADDED ENTRY--PERSONAL NAME
Personal name Bade, Robin.
906 ## - LOCAL DATA ELEMENT F, LDF (RLIN)
a ACD:1:0
-- AG:4:1
-- CED:0:1
-- DO:0:1
-- FP:0:1
-- GHP:0:1
-- HB:0:1
-- OV:1:0
-- PR:1:0
-- PU:1:0
-- RS:11:1
-- SP:1:0
-- TRL:0:2
-- WP:4:0
-- YO:2:0
942 ## - ADDED ENTRY ELEMENTS (KOHA)
Source of classification or shelving scheme
Koha item type Book
Suppress in OPAC DO
948 ## - LOCAL PROCESSING INFORMATION (OCLC); SERIES PART DESIGNATOR (RLIN)
Series part designator, SPT (RLIN) 11/08/2005
b (OCLC) 02/11/2006
Holdings
Withdrawn status Lost status Source of classification or shelving scheme Damaged status Not for loan Permanent Location Current Location Shelving location Date acquired Total Checkouts Full call number Barcode Date last seen Price effective from Koha item type Public note
          AU LIBRARY AU LIBRARY Open Shelf 14.06.2021   HB172 .P37 2003 28001300 14.06.2021 14.06.2021 Book DO

Powered by Koha